banner-ar

الجزء الاربعون من اخبار مصر/ (Record no. 64664)

MARC details
000 -الفاتح
حقل البيانات ثابتة الطول 01079nam a2200241Ia 4500
005 - وقت وتاريخ اخر تعامل مع التسجيلة
رقم الضبط 20240530110743.0
008 - عناصر البيانات ثابتة الطول - معلومات عامة
حقل البيانات ثابتة الطول 140319s9999 xx 000 0 ara d
017 ## - رقم الايداع القانونى
المصدر ( الهيئة المختصة) مصر. دار الكتب
040 ## - مصدر الفهرسة
وكالة الفهرسة الأصلية GCL /
وكالة النسخ GCL
082 04 - رقم تصنيف ديوى العشرى
رقم التصنيف 953.0738/
رقم المادة ق/م ج
رقم الطبعة 21
100 1# - المدخل الرئيسى - إسم شخصى
الإسم الشخصى المسبحى، عز الملك محمد بن عبيد الله بن احمد
245 12 - بيان العنوان
العنوان الجزء الاربعون من اخبار مصر/
بيان المسئوليه,etc عز الملك محمد بن عبيد الله بن احمد المسبحى، حققة وكتب المقدمة وحواشية ووضع فهارسة حسين نصار
300 ## - الوصف المادى
التعداد 152 ص
490 ## - بيان السلسلة
عنوان السلسلة الهيئة العامة للاستعلامات
رقم المجلد/ التعيين التسلسلي 0
650 04 - المدخل الاضافى بالموضوع-مصطلح موضوعى
مصطلح موضوعي التاريخ الاسلامى
مصدر الرأس أو المصطلح qrmak
650 04 - المدخل الاضافى بالموضوع-مصطلح موضوعى
مصطلح موضوعي الدولة الفاطمية ( 969 - 1171م )
مصدر الرأس أو المصطلح qrmak
650 04 - المدخل الاضافى بالموضوع-مصطلح موضوعى
مصطلح موضوعي مصر - تاريخ - العصر الفاطمى ( 969-1171 م )
مصدر الرأس أو المصطلح qrmak
651 ## - المدخل الاضافى بالموضوع - اسم جغرافى
مصدر الرأس أو المصطلح qrmak
700 0# - المدخل الاضافى - اسم شخصى
الإسم الشخصى حسين نصار
الدور محقق ومقدم
700 1# - المدخل الاضافى - اسم شخصى
الإسم الشخصى محمد بن عبيدالله بن احمد
942 ## - عناصر المدخل الإضافي( كوها)
مصدر التصنيف او مخطط الترفيف Dewey Decimal Classification
Koha [default] item type كتاب
260 ## - PUBLICATION, DISTRIBUTION, ETC. (IMPRINT)
-- القاهرة :
Holdings
حالة التراجع حالة الفقد حالة تلف ليس للاعارة المكان المؤقت الموقع الحالى موقع الترفيف تاريخ الاكتساب اجمالي اﻻعارات رقم الطلب الباركود تاريخ اخر مشاهدة تاريخ تفعيل السعر نوع وعاء كوها
        مكتبة القاهرة الكبرى مكتبة القاهرة الكبرى   11/14/2018   953.0738/ ق/م ج 165114 11/14/2018 11/14/2018 كتاب
        مكتبة القاهرة الكبرى مكتبة القاهرة الكبرى   11/14/2018   953.0738/ ق/م ج 165115 11/14/2018 11/14/2018 كتاب
        مكتبة القاهرة الكبرى مكتبة القاهرة الكبرى   11/14/2018   953.0738/ ق/م ج 165116 11/14/2018 11/14/2018 كتاب
        مكتبة القاهرة الكبرى مكتبة القاهرة الكبرى   11/14/2018   953.0738/ ق/م ج 165117 11/14/2018 11/14/2018 كتاب

Powered By

EGPV